| 000 | 00000nam##2200000za#4500 |
| 001 | 9.602837 |
| 003 | CaOODSP |
| 005 | 20240212134142 |
| 007 | cr ||||||||||| |
| 008 | 150406|1996||||xxc|||||o f|0| 0 fre|d |
| 040 | |aCaOODSP|bfre |
| 043 | |an-cn--- |
| 086 | 1 |aNE22-1/1996-2F-PDF |
| 110 | 1 |aCanada. |bOffice national de l'énergie. |
| 245 | 10|aMotifs de décision relativement à Interprovincial Pipe Line Inc., Westspur Pipe Line Company Inc. : |h[ressource électronique]|bdemandes modifiées du 7 septembre 1995 visant les installations d'agrandissement du réseau et la méthode de conception des droits |
| 246 | 1 |iTitre de renvoi : |aInterprovincial Pipe Line Inc., Westspur Pipe Line Company Inc. |
| 260 | |aCalgary - Alberta : |bOffice national de l'énergie |cJanvier 1996. |
| 300 | |a41p.|bcarte, tableaux |
| 490 | 1 |aMotifs de décision|vOHW-2-95 |
| 500 | |aLe nº de catalogue (NE22-1/1996-2F) et l'ISBN (0-662-80787-1) de l'édition imprimée ont été incorrectement copiés dans cette édition électronique. |
| 590 | |a12-07-Supp|b2012-03-09 |
| 775 | 08|tReasons for decision in the matter of Interprovincial Pipe Line Inc., Westspur Pipe Line Company Inc. : |w(CaOODSP)9.572491 |
| 776 | 0#|tRelativement à Interprovincial Pipe Line Inc.; Westspur Pipe Line Company Inc. : |w(CaOODSP)9.623618 |
| 830 | #0|aMotifs de décision (Canada. Office national de l'énergie)|vOHW-2-95|w(CaOODSP)9.500899 |
| 856 | 40|ahttp://publications.gc.ca|qPDF|s134 Ko|uhttps://publications.gc.ca/collections/Collection/NE22-1-1996-2F.pdf|yOHW-2-95 |